Instrumenty prawne marketingu

Uložené v:
Podrobná bibliografia
Hlavný autor: Malarski, Stanislaw
Médium: Kniha
Jazyk:Polish
Vydavateľské údaje: Kraków Wydawnictwo Profesjonalnej Szkoly Biznesu 1997
Vydanie:2. wyd.
Edícia:Biblioteka menedzera
Predmet:
Tagy: Pridať tag
Žiadne tagy, Buďte prvý, kto otaguje tento záznam!

MARC

LEADER 00000nam a2200000 4500
001 c117718
005 20221124074707.0
020 |a 83-85441-58-1 
041 0 |a pol 
044 |a PL 
245 1 0 |a Instrumenty prawne marketingu  |c Stanislaw Malarski 
250 |a 2. wyd. 
264 1 |a Kraków  |b Wydawnictwo Profesjonalnej Szkoly Biznesu  |c 1997 
300 |a 280 s. 
490 1 |a Biblioteka menedzera 
830 0 |a Biblioteka menedzera 
610 2 0 |a marketing 
610 2 0 |a hospodárstvo trhové 
610 2 0 |a stratégia marketingová 
610 2 0 |a právo 
610 2 0 |a politika hospodárska 
610 2 0 |a nástroje marketingové 
610 2 0 |a organizácia podniku 
610 2 0 |a ochrana spotrebiteľa 
610 2 0 |a produkty 
610 2 0 |a ceny 
610 2 0 |a reklama 
610 2 0 |a Poľsko 
100 1 |a Malarski, Stanislaw